| 000 | 00351nam a2200145Ia 4500 | ||
|---|---|---|---|
| 008 | 191201s2007 xx 000 0 und d | ||
| 082 |
_a658.80285 _bNAE |
||
| 100 | _a BAJAJ,Kamlesh & Nag, | ||
| 245 | 0 | _aE Commerce: The Cutting Edge of Business | |
| 250 | _a2nd | ||
| 260 |
_aN.Delhi _bTMH _c2007 |
||
| 300 | _a597 | ||
| 650 | _aMBA | ||
| 942 |
_2ddc _cBK |
||
| 999 |
_c3009 _d3009 |
||